Bibliografický sborník 1964 /

Gespeichert in:
Bibliographische Detailangaben
1. Verfasser: Liba, Peter 1931-
Format: Buch
Sprache:Slowakisch
Veröffentlicht: Martin : Matica slovenská, 1964
Ausgabe:[1. vyd.]
Schlagworte:
Online-Zugang: Volltext
Tags: Tag hinzufügen
Keine Tags, Fügen Sie den ersten Tag hinzu!

MARC

LEADER 00000cam a2200000 4500
003 SK-BrCVT
005 20220621163130.0
008 070523s1964 cs e ||||||slo d
035 |a CVTIDW1413171 
040 |b slo  |a CVTI SR  |e AACR2 
041 0 |a slo 
044 |a cs 
080 |a 011/016(082)  |2 UDC-MRF 
100 1 |a Liba, Peter  |d 1931-, 
245 1 0 |a Bibliografický sborník 1964 /  |c Redigoval: Peter Liba 
250 |a [1. vyd.] 
260 |a Martin :  |b Matica slovenská,  |c 1964 
300 |a 247 s. :  |b lit., tab. ; 
653 1 |a zborník 
910 |b A194308  |b A173564 
974 |f Knihy 
992 |a AZN 
999 |c 154738  |d 154738